00301 a2200109 4500020001500000082001300015100002400028245004000052260004300092300001900135650003700154 a9693520866 a891.4393 aQasmi, Ahmad Nadeem aKapas Ka PhoolcQasmi, Ahmad Nadeem aLahorebSang-e-Meel Publicationsc2008 a240 p.c22 cm. a1. Urdu Literature-Short Stories